000 01179nam a2200337 a 4500
001 000111489
003 CHAP
005 20220329144213.0
008 150512s2014 it |r| ||||||eng d
010 _a107951
011 _a108923
020 _a9789251084229
040 _cCHAP
090 _aFolleto 18495y
110 2 _aFAO. Comisión de Recursos Genéticos para la Alimentación y la Agricultura
_9125293
245 1 0 _aGlobal Plan of action :
_bfor the conservation, sustainable use and development of forest genetic resources. /
_cpor FAO. Comisión de Recursos Genéticos para la Alimentación y la Agricultura.
260 _aRoma :
_bFAO,
_c2014.
300 _a35 p.
590 _aE5995AHE
_b05
_c20150512
_lUCH01
_h1250
590 _aE5995AHE
_b05
_c20150512
_lUCH01
_h1300
590 _aE5995AHE
_b05
_c20150512
_lUCH01
_h1323
590 _aE5995AHE
_b05
_c20150512
_lUCH01
_h1417
590 _aE5995AHE
_b05
_c20150512
_lUCH01
_h1429
650 1 4 _aBiodiversidad.
_912724
650 1 4 _aGenética forestal.
_947489
650 1 4 _aRecursos genéticos
_xConservación.
_995081
650 1 4 _aSeguridad alimentaria.
_9103673
901 _aBK
942 _cFOLL
942 _n0
999 _c107951
_d107951